Principios fundamentales para la administración de organizaciones /

Guardado en:
Otros Autores: Vicente, Miguel Angel., Ayala, Juan Carlos.
Formato: Libro
Idioma:Spanish
Publicado: Buenos Aires : Pearson Educación, c2008.
Edición:1a. ed.
Materias:
Etiquetas: Agregar Etiqueta
Sin Etiquetas, Sea el primero en etiquetar este registro!
LEADER 01180nam a22003015a 4500
001 EAD.ead002409
008 101013s2008####ag#######b####000#0#spa#d
005 20220919181325.0
245 1 0 |a Principios fundamentales para la administración de organizaciones /  |c coordinadores, Miguel Angel Vicente, Juan Carlos Ayala ; [autores] Juan Carlos Ayala ... [et al.]. 
250 |a 1a. ed. 
260 |a Buenos Aires :  |b Pearson Educación,  |c c2008. 
300 |a xxix, 560 p. ;  |c 23 cm. 
504 |a Incluye referencias bibliográficas. 
020 |z 9789876150156 (ISBN 13) 
700 1 |a Vicente, Miguel Angel. 
700 1 |a Ayala, Juan Carlos. 
082 0 4 |a 658  |2 21 
650 7 |a Administración de empresas.  |2 unbist 
653 |a Pensamiento administrativo 
650 7 |a Estructura de la empresa.  |2 isoc 
650 7 |a Toma de decisiones.  |2 unbist 
653 |a Procesos administrativos 
653 |a Competencias 
650 7 |a Responsabilidad social de la empresa.  |2 unbist 
650 7 |a Capital humano.  |2 isoc 
653 |a Emprendedores 
859 |a AR-BaBDC  |b BIB. ADMINISTRACION - Libros  |h 658  |i V662-1  |p b06316 
859 |a AR-BaBDC  |b BIB. ADMINISTRACION - Libros  |h 658  |i V662-1  |p b07255  |t Ej.2